ABCs of baseball / (Record no. 5339)
[ view plain ]
| 000 -LEADER | |
|---|---|
| fixed length control field | 01386nam a22002657a 4500 |
| 001 - CONTROL NUMBER | |
| control field | 5339 |
| 003 - CONTROL NUMBER IDENTIFIER | |
| control field | FISKH |
| 005 - DATE AND TIME OF LATEST TRANSACTION | |
| control field | 20250609155001.0 |
| 008 - FIXED-LENGTH DATA ELEMENTS--GENERAL INFORMATION | |
| fixed length control field | 241127b cb ||||| |||| 00| 0 eng d |
| 020 ## - INTERNATIONAL STANDARD BOOK NUMBER | |
| International Standard Book Number | 9780545584418 |
| 040 ## - CATALOGING SOURCE | |
| Original cataloging agency | FISKH |
| Language of cataloging | eng |
| Transcribing agency | FISKH |
| Modifying agency | FISKH |
| 050 ## - LIBRARY OF CONGRESS CALL NUMBER | |
| Classification number | GV867.G65 |
| 082 ## - DEWEY DECIMAL CLASSIFICATION NUMBER | |
| Classification number | 796.357 |
| 100 ## - MAIN ENTRY--PERSONAL NAME | |
| Personal name | Golenbock, Peter |
| Dates associated with a name | (1946-) |
| 245 ## - TITLE STATEMENT | |
| Title | ABCs of baseball / |
| Statement of responsibility, etc. | by Peter Golenboack Pictures by Dan Andreasen |
| 250 ## - EDITION STATEMENT | |
| Edition statement | First printing in 2013 |
| 260 ## - PUBLICATION, DISTRIBUTION, ETC. | |
| Place of publication, distribution, etc. | New York : |
| Name of publisher, distributor, etc. | Scholastic, |
| Date of publication, distribution, etc. | 2013. |
| 300 ## - PHYSICAL DESCRIPTION | |
| Extent | 32 pages : |
| Other physical details | Color illustrations ; |
| Dimensions | 21 cm |
| 520 ## - SUMMARY, ETC. | |
| Summary, etc. | "From young to old, new to tried-and-true, here is the baseball book for every fan. With one or more baseball-related terms for each letter arranged in alphabetic order, accompanied by a stirring illustration, this gorgeous compendium celebrates America's game. Large paintings of scenes alternate with scrapbook-style pages. Facts, figures, faces, lists, and other information comprise an additional resource in the back of the book. As contemporary as today's sports page and as nostalgic as an old baseball card, this is an alphabet book for kids, their parents and grandparents that can be used all through the year." -- Provided by publisher. |
| 650 ## - SUBJECT ADDED ENTRY--TOPICAL TERM | |
| Source of heading or term | Alphabet |
| Topical term or geographic name entry element | Sports |
| 650 ## - SUBJECT ADDED ENTRY--TOPICAL TERM | |
| Source of heading or term | Baseball |
| Topical term or geographic name entry element | Non-fiction |
| 700 ## - ADDED ENTRY--PERSONAL NAME | |
| Personal name | Andreasen, Dan |
| Dates associated with a name | Illustrator |
| 942 ## - ADDED ENTRY ELEMENTS (KOHA) | |
| Source of classification or shelving scheme | Dewey Decimal Classification |
| Koha item type | Books |
| Suppress in OPAC | No |
| Withdrawn status | Lost status | Source of classification or shelving scheme | Damaged status | Not for loan | Collection | Home library | Current library | Shelving location | Date acquired | Total Checkouts | Full call number | Barcode | Date last seen | Copy number | Price effective from | Koha item type |
|---|---|---|---|---|---|---|---|---|---|---|---|---|---|---|---|---|
| Dewey Decimal Classification | Non-Fiction | Footprints International School Library Network Toul Kork Campus | Footprints International School Library Network Toul Kork Campus | A TK Campus, 4th Floor, Room B401, Non-Fiction Bookcases(7-8) | 11/27/2024 | GOL 796.357 GV867.G65 | FISTK02267 | 11/27/2024 | 1 | 11/27/2024 | Books | |||||
| Dewey Decimal Classification | Non-Fiction | Footprints International School Library Network Toul Tom Poung Campus | Footprints International School Library Network Toul Tom Poung Campus | TTP Secondary Non-Fiction Bookshelves | 06/09/2025 | GOL 796.357 GV867.G65 | 2025-1565 | 06/09/2025 | 2 | 06/09/2025 | Books |
